000 00643cab a2200193 4500
001 ##L135320
008 060926n2006 000 0 eng u
035 _a(Sirsi) u135320
041 0 _aeng
100 1 _aHartnett, Mark
245 0 0 _aUsing the right tools for the job
260 _c2006
490 0 _aEstates Gazette
_v(0640)7 October 2006, 246(1)
520 _aLooks at design and access statements which may be costly, but provide a number of financial benefits.
590 _aIKA171006
651 4 _aEngland and Wales
_y1543-
690 _aBUILT ENVIRONMENT-BUILDING MAINTENANCE AND REFURBISHMENT-BUILDING ADAPTATION
942 _n0
999 _c77865
_d77865